000 00507nam a22001577a 4500
999 _c19644
_d19644
008 240313b ||||| |||| 00| 0 eng d
020 _a0201156199
082 _aDC 519.5
_bM85 1986
100 _aMoses, Lincoln E.
_954484
245 _aThink and explain with statistics /
_cLincoln E. Moses.
260 _aCanada :
_bAddison-Wesley Publishing Company, Inc.,
_c©1986.
300 _axii, 483 pages :
_billustrations ;
_c24 cm.
500 _aIncludes index.
650 _aStatistics.
_954584
942 _2ddc
_cDC